Is the answer 3? - sudden death - Statistics

General Stats
  • This quiz has been taken 13 times
  • The average score is 5 of 24
Answers on the Grid
Answers color-coded by a green-red scale on the quiz's grid according to % correct below.
U.S. states bordering Ohio
Wise men in the Christmas story
Seasons
Floors on the Eiffel Tower
Siblings that a triplet has
Green Day members
Periods in an ice hockey game
Goals in a hat-trick
D'Artagnan's musketeer companions
Children of Elizabeth II
Primary colours
Colours on Ethiopia's flag
London Olympics
Great lakes touching Wisconsin
Minutes allowed for this quiz
Language families indigenous to the Caucasus
Members in a triptych
South American World Cup host nations
Hours Americans spend on the internet daily
Neutrons in a hydrogen atom
Height of world's shortest person in feet
Countries bordering North Korea
Prime numbers between 80 and 90
Bones in the ear
Ring roads around Beijing
Canadian territories
Regular gas boiler pressure in bars
Cats' gestation period in months
Continents with a 6,000m peak
Tentacles on a squid
Countries with 8000m mountains
Track events in the pentathlon
The rank the black king starts on in chess
Ferrari F80s which $10m would buy
Holes in a jumper
Jodie Foster's age when she first acted on TV
Chinese aircraft carriers
Time zones in Kazakhstan
Planets of the solar system with no moons
Female Byzantine emperors
Longest moustache record in metres
League champions from the Ruhr metropolis
Gentlemen of Verona
North American popes
Amps in a fuse for applicances over 1000W
Speed of the fastest jet plane in mach
Top 10 lakes by area which touch Tanzania
First Renault model that was just a number
 
Answer Stats
Answer % Correct
Wise men in the Christmas story
90%
Goals in a hat-trick
70%
Minutes allowed for this quiz
50%
D'Artagnan's musketeer companions
40%
Floors on the Eiffel Tower
40%
Periods in an ice hockey game
40%
Members in a triptych
30%
Primary colours
30%
Countries bordering North Korea
20%
Green Day members
20%
London Olympics
20%
Yukon, Northwest Territories, Nunavut Canadian territories
10%
Jodie Foster's age when she first acted on TV
10%
Hammer, anvil, stirrup Bones in the ear
0%
Chinese aircraft carriers
0%
Asia, South America and North America Continents with a 6,000m peak
0%
Irene of Athens (797–802), Zoe Porphyrogenita (1042), and her sister Theodora Porphyrogenita (1042, 1055–1056) Female Byzantine emperors
0%
Ferrari F80s which $10m would buy
0%
The Renault 3 First Renault model that was just a number
0%
Kartvelian, Northeast Caucasian, (Nakh-Daghestanian) and Northwest Caucasian (Abkhazo-Adyghean) Language families indigenous to the Caucasus
0%
Borussia Dortmund, Schalke and Rot-Weiss Essen League champions from the Ruhr metropolis
0%
3.3, SR-71 Blackbird (for crewed, airbreathing aircraft) Speed of the fastest jet plane in mach
0%
Victoria, Tanganyika, Malawi Top 10 lakes by area which touch Tanzania
0%
Track events in the pentathlon
0%
No matching quizzes found
Score Distribution
Percent of People with Each Score
Percentile by Number Answered
Your Score History
You have not taken this quiz